Euroskepticizmus v Slovenskej republike bakalárska práca

Gespeichert in:
Bibliographische Detailangaben
1. Verfasser: Tomašovič, Marek
Körperschaft: Fakulta medzinárodných vzťahov EU. Katedra medzinárodných politických vzťahov
Weitere Verfasser: Karas, Martin, 1991-
Format: Buch
Sprache:Slowakisch
Veröffentlicht: Bratislava 2025
Tags: Tag hinzufügen
Keine Tags, Fügen Sie das erste Tag hinzu!

MARC

LEADER 00000nbm a2200000 4500
001 0309608
005 20260122124846.1
041 0 |a slo 
044 |a SK 
245 1 0 |a Euroskepticizmus v Slovenskej republike  |b bakalárska práca  |c Marek Tomašovič ; školiteľ: Martin Karas 
264 1 |a Bratislava  |c 2025 
300 |a 42 s. 
100 1 |a Tomašovič, Marek 
700 1 |a Karas, Martin, 1991- 
710 2 |a Fakulta medzinárodných vzťahov EU. Katedra medzinárodných politických vzťahov